|
|
|
|
| LEADER |
00000nab a2200000 a 4500 |
| 001 |
vtls000176676 |
| 003 |
SK-MaSNL |
| 005 |
20260304035835.0 |
| 008 |
111031c1983 xo 0 slo |
| 015 |
|
|
|a SNBRA19rr/mm-uuuuu
|
| 035 |
|
|
|a CL0186789
|
| 040 |
|
|
|a SNKBUCL
|b slo
|c SNKBUCL
|e AACR2
|
| 041 |
0 |
|
|a slo
|
| 044 |
|
|
|a xo
|c SK
|
| 080 |
|
|
|a 637.41
|2 1981
|
| 080 |
|
|
|a 636.52/.58.055.085.55
|2 1981
|
| 100 |
1 |
|
|a Šály, L.
|4 aut
|9 1320177
|
| 245 |
1 |
0 |
|a Niektoré možnosti zlepšenia kvality vaječnej škrupiny
|c L. Šály, J. Jantošovič, J. Kušev
|
| 650 |
0 |
7 |
|a škrupina vaječná
|2 snkbucl
|9 1291896
|
| 650 |
0 |
7 |
|a nosnice
|2 snkbucl
|9 22293
|
| 650 |
0 |
7 |
|a kŕmne zmesi
|2 snkbucl
|9 71250
|
| 655 |
|
7 |
|a články zo zborníkov
|2 snkbucl
|9 166140
|
| 700 |
1 |
|
|a Jantošovič, Ján,
|d 1929-
|4 aut
|9 196331
|
| 700 |
1 |
|
|a Kušev, J.
|4 aut
|9 777665
|
| 773 |
0 |
|
|t O problematike chovu a chorôb hydiny
|d Bratislava : Štátna veterinárna správa MPVž SSR, 1983
|
| 850 |
|
|
|a Slovenská národná knižnica v Martine
|a MTA001
|
| 852 |
|
|
|a SNK
|b KIS3GCP
|
| 958 |
|
|
|a RK
|
| 992 |
|
|
|a RZB
|
| 999 |
|
|
|c 2659986
|d 2661916
|